000 01305namaa22003131i 4500
005 20260427092242.0
008 260427s1995 ua a|||frm||| 000 0 eng d
040 _aEG-GICUC
_beng
_cEG-GICUC
_dEG-GICUC
_erda
041 0 _aeng
_beng
_bara
049 _aDeposit
097 _aM.Sc
099 _aCai01.11.34.M.Sc.1995.Am.O.
100 0 _aAmgad Farouk Abdou,
_epreparation.
245 1 0 _aOutcome Of Surgical Treatement In Renal Failure :
_bAnalysis Of 50 Cases /
_cBy Amgad Farouk Abdou; Supervisors Prof.Dr. Mahmoud EL-Sherbini, Dr. Mohamed S. Abdel Azim.
246 1 5 _aنتائج العلاج الجراحي لمرضى الفشل الكلوي :
_bدراسة تحليلية لخمسين مريضا /
264 0 _c1995.
300 _a102 pages :
_billustrations ;
_c30 cm. +
336 _2rda content
_atext
337 _2rdamedia
_aUnmediated
338 _2rdacarrier
_avolume
502 _aThesis (M.Sc.) -Cairo University, 1995.
504 _aBibliography: pages 86-102.
653 0 _aUrology
700 0 _aMahmoud EL-Sherbini
_ethesis advisor.
700 0 _aMohamed S. Abdel Azim
_ethesis advisor.
900 _DDepartment of Urology
_FFaculty of Medicine
_UCairo University
_b1995
_cMahmoud EL-Sherbini
_cMohamed S. Abdel Azim
905 _aEman El gebaly
942 _2ddc
_cTH
_e21
_n0
999 _c179750